000 00733nam a2200229 i 4500
001 141339
003 ES-MaACL
005 20240525062948.0
007 t|
008 070921s1967 sp |||| | spa d
080 _a087.5:372.4
080 _a913(460.23)
100 1 _aVillar de Serchs, Aniceto.
_9115083
245 1 0 _aTerra i ànima :
_bimpressions sobre paisatge, art, fets historics, costums i tradicions catalanes /
_cAniceto Villar de Serchs.
260 _aBarcelona :
_bSalvatella,
_c[1967]
300 _a295 p. :
_bil. ;
_c21 cm.
650 4 _aLectura-
_vLibros escolares.
_914067
651 4 _aCataluña-
_xDescripción.
_98009
852 _aES-MaACL
_jC-33283
942 _2udc
999 _c141339
_d141339